Zkušenosti s kybernetickým modelováním sborník

Saved in:
Bibliographic Details
Format: Book
Language:Czech
Published: Praha Dům techniky ČSVTS 1977
Tags: Add Tag
No Tags, Be the first to tag this record!

MARC

LEADER 00000nam a2200000 4500
001 0222293
005 20240822101700.6
041 0 |a cze 
044 |a CZ 
245 1 0 |a Zkušenosti s kybernetickým modelováním  |b sborník 
264 1 |a Praha  |b Dům techniky ČSVTS  |c 1977 
300 |a 110 s.